[Event "Boris Spassky"]
[Site "SchemingMind.com"]
[Date "2008.05.20"]
[Round "-"]
[White "C. H. O'D. Schlechter"]
[Black "Peacemaker"]
[Result "1/2-1/2"]
[WhiteCountry "USA"]
[BlackCountry "GER"]
[WhiteElo "2428"]
[WhiteRD "73"]
[BlackElo "2389"]
[BlackRD "89"]
[GameID "155169"]

1. d4 Nf6 2. c4 e6 3. Nc3 Bb4 4. Qc2 O-O 5. a3 Bxc3+ 6. Qxc3 b6 7. Bg5 Bb7 8. f3 h6 9. Bh4 d5 10. e3 Nbd7
11. cxd5 Nxd5 12. Bxd8 Nxc3 13. Bh4 Nd5 14. Bf2 c5 15. e4 Ne7 16. Ne2 Rac8 17. Nc3 cxd4 18. Bxd4 Nc5 19. Rd1 Rfd8 20. Be3 Rxd1+
21. Kxd1 e5 22. b4 Ne6 23. Kc2 f5 24. Kb2 Kf8 25. Bb5 Rd8 26. Bc4 f4 27. Bc1 Nd4 28. Rd1 a6 29. Bd2 b5 30. Ba2 Rd6
31. Be1 Rg6 32. Rd2 Bc8=
1/2-1/2

[Event "Boris Spassky"]
[Site "SchemingMind.com"]
[Date "2008.05.16"]
[Round "-"]
[White "Ilang"]
[Black "C. H. O'D. Schlechter"]
[Result "1/2-1/2"]
[WhiteCountry "HUN"]
[BlackCountry "USA"]
[WhiteElo "2402"]
[WhiteRD "72"]
[BlackElo "2426"]
[BlackRD "72"]
[GameID "155170"]

1. e4 Nf6 2. e5 Nd5 3. d4 d6 4. Nf3 dxe5 5. Nxe5 c6 6. Be2 Bf5 7. g4 Be6 8. f4 f6 9. f5 Bc8 10. Nd3 e6
11. c4 Nc7 12. Rf1 Qxd4 13. Rf4 Qd7 14. Nc3 Bd6 15. Rf2 O-O 16. c5= Be7 17. Qb3 Nba6 18. Be3 Rd8 19. O-O-O Nd5 20. Nxd5 Qxd5
21. Qxd5 Rxd5 22. Bf3 Rd8 23. Be4 Nc7 24. Kb1 Nd5 25. Bd2 e5 26. a3 b6 27. Rc1 Bb7 28. Rg2 Rac8 29. g5 Ba6 30. cxb6 axb6
31. h4 c5 32. Re1 Kf8 33. Nf2 c4 34. Nd1 Bb7 35. Kc2 Kf7 36. gxf6 Bxf6 37. h5 Bc6 38. h6 Nf4 39. Bxc6 Rxc6 40. Rh2 g6
41. fxg6+ Kxg6 42. Ne3 Rd4 43. Ng4 Kf5=
1/2-1/2

[Event "Boris Spassky"]
[Site "SchemingMind.com"]
[Date "2008.05.16"]
[Round "-"]
[White "Goran"]
[Black "C. H. O'D. Schlechter"]
[Result "1-0"]
[WhiteCountry "ITA"]
[BlackCountry "USA"]
[WhiteElo "2564"]
[WhiteRD "79"]
[BlackElo "2428"]
[BlackRD "79"]
[GameID "155171"]

1. e4 e5 2. Nf3 Nc6 3. Bb5 a6 4. Ba4 Nf6 5. O-O Be7 6. Re1 b5 7. Bb3 d6 8. c3 O-O 9. h3 Na5 10. Bc2 c5
11. d4 Qc7 12. Nbd2 Nc6 13. d5 Nd8 14. a4 Rb8 15. axb5 axb5 16. b4 Bd7 17. Bd3 Nb7 18. Nf1 Ra8 19. Be3 Ra4 20. Rxa4 bxa4
21. Qa1 Nh5 22. Ba6 cxb4 23. cxb4 Ra8 24. Rc1 Qb8 25. b5 Nf4 26. Rc2 Na5 27. Bxf4 exf4 28. Nd4 Nb3 29. Qxa4 Nc5 30. Qc4 Qb6
31. Nc6 Bg5 32. Qd4 Bd8 33. Ra2 Bf6 34. Qd2 g5 35. Qe2 Bxc6 36. dxc6 Re8 37. Nd2 d5 38. h4 h6 39. Bc8 Rxc8 40. exd5 Rd8
41. Qc4 Re8 42. Rc2 Re1+ 43. Kh2 Be7 44. Nf3 Rb1 45. Nd4 Bf8 46. Nf5
1-0

[Event "Boris Spassky"]
[Site "SchemingMind.com"]
[Date "2008.05.16"]
[Round "-"]
[White "MichaelDV"]
[Black "C. H. O'D. Schlechter"]
[Result "1/2-1/2"]
[WhiteCountry "SWE"]
[BlackCountry "USA"]
[WhiteElo "2318"]
[WhiteRD "68"]
[BlackElo "2415"]
[BlackRD "72"]
[GameID "155172"]

1. d4 Nf6 2. Nf3 e6 3. c4 d5 4. Nc3 c6 5. Bg5 Nbd7 6. e3 Qa5 7. cxd5 Nxd5 8. Qd2 N7b6 9. Bd3 Nxc3 10. bxc3 Nd5
11. O-O Qxc3 12. Qe2 Bd6 13. Nd2 Qa5 14. Nc4 Qc7 15. Nxd6+ Qxd6 16. Bh4 O-O 17. Bg3 Qd7 18. Rfc1 b6 19. a4 Bb7 20. a5 Rac8
21. Rab1=
1/2-1/2

[Event "Boris Spassky"]
[Site "SchemingMind.com"]
[Date "2008.05.19"]
[Round "-"]
[White "Konan_Kaddosh"]
[Black "C. H. O'D. Schlechter"]
[Result "1/2-1/2"]
[WhiteCountry "ITA"]
[BlackCountry "USA"]
[WhiteElo "2610"]
[WhiteRD "68"]
[BlackElo "2424"]
[BlackRD "80"]
[GameID "155174"]

1. b3 e5 2. Bb2 Nc6 3. e3 Nf6 4. Bb5 Bd6 5. Na3 e4 6. Nc4 Be7 7. Bxc6 dxc6 8. Ne2 O-O 9. O-O Re8 10. Ng3 Bg4
11. Qe1 a5 12. a4 Qd5 13. h3 Bc8 14. f3 b5 15. Ne5 Bd6 16. fxe4 Nxe4 17. Nxe4 Bxe5 18. Bxe5 Qxe5 19. d3 b4 20. Qf2 f6
21. Rae1 c5 22. Qg3 Qxg3 23. Nxg3 Re5 24. Rf4 Bb7 25. Nf1 f5 26. Nd2 Bd5 27. g4 fxg4 28. hxg4 Rg5 29. Kh2 Be6 30. Rg1 Rf8
31. Nc4 Bxc4 32. Rxc4 Re5 33. Re1 Rf3 34. Kg2 Rf6 35. Rf1 Rxf1 36. Kxf1 Kf7 37. Kf2 Ke6 38. Kf3 Kd6=
1/2-1/2

[Event "Boris Spassky"]
[Site "SchemingMind.com"]
[Date "2008.05.16"]
[Round "-"]
[White "Peacemaker"]
[Black "C. H. O'D. Schlechter"]
[Result "1/2-1/2"]
[WhiteCountry "GER"]
[BlackCountry "USA"]
[WhiteElo "2362"]
[WhiteRD "81"]
[BlackElo "2405"]
[BlackRD "74"]
[GameID "155175"]

1. e4 d6 2. d4 Nf6 3. Nc3 g6 4. Nf3 Bg7 5. Be2 O-O 6. O-O c6 7. a4 Nbd7 8. h3 Qc7 9. Be3 b6 10. Qd2 Bb7
11. Bh6 a6 12. Bxg7 Kxg7 13. Qe3 e5 14. dxe5 Nxe5 15. Nd2 c5 16. Qg5 h6 17. Qh4 Qd8 18. f4 Nc6 19. Qf2 Qc7 20. Nb3 Nb4
21. Bf3 Rae8 22. Rfe1 Re7 23. a5 b5 24. e5 dxe5 25. Bxb7 Qxb7 26. Nxc5 Qc7 27. N5e4 Nbd5 28. Nxd5 Nxd5 29. f5 f6 30. Rad1 Nf4
31. Kh2 gxf5 32. Nd6 Kg6 33. g3 Rd8 34. Nxf5 Kxf5 35. gxf4= exf4 36. Qf3 Qxc2+ 37. Kh1 Re4 38. Rc1 Rd2=
1/2-1/2